000 00260nam a22001217a 4500
008 180921b xxu||||| |||| 00| 0 eng d
041 _aeng
080 _a159.9
100 _a49
101 _aPSI
245 _aAdult Friendship
_cBlieszner, R
942 _2udc
_cBK
999 _c48171
_d48171